000 00273nam a2200109Ia 4500
005 20251222114340.0
008 251222s1900||||xx |||||||||||||| ||spa||
082 _aDVD0070/F81/2001/T.6
245 0 _aBand of brothers.
264 _bSpielberg, Steven. Hanks, Tom.
942 _cDVD
999 _c816
_d816